[Event "Madrid ch Sub-18 2013/2014"]
[Site "Madrid ESP"]
[Date "2013.10.04"]
[Round "1.1"]
[White "Perez Perez, Elena"]
[Black "Martin Duque, Jesus"]
[Result "0-1"]
[WhiteElo "1722"]
[BlackElo "2233"]
[PlyCount "60"]
[EventDate "2013.10.04"]
[EventType "swiss"]
[EventRounds "6"]
[EventCountry "ESP"]
[Source "lmi"]
[SourceDate "2013.10.04"]

1. e4 c5 2. Nf3 e6 3. d4 cxd4 4. Nxd4 Nc6 5. Nc3 Qc7 6. Be2 a6 7. Be3 Nf6 8. a3
Be7 9. O-O O-O 10. Kh1 d6 11. f4 Bd7 12. Bf3 Rfd8 13. Qd2 Na5 14. Qf2 Nc4 15.
Bc1 Rac8 16. b3 Nxa3 17. Bxa3 Qxc3 18. e5 Nd5 19. exd6 Bf6 20. Rad1 b5 21. Bxd5
exd5 22. Rd3 Qa5 23. Ra1 b4 24. Bb2 Qb6 25. Qd2 Qxd6 26. c3 bxc3 27. Bxc3 Re8
28. Bb4 Qb6 29. Rd1 Re4 30. Nf3 Qxb4 0-1

[Event "Madrid ch Sub-18 2013/2014"]
[Site "Madrid ESP"]
[Date "2013.10.04"]
[Round "1.2"]
[White "Dierssen Garcia-Barredo, Guill"]
[Black "Vela Martinez, Jose"]
[Result "1-0"]
[WhiteElo "1974"]
[BlackElo "1584"]
[PlyCount "83"]
[EventDate "2013.10.04"]
[EventType "swiss"]
[EventRounds "6"]
[EventCountry "ESP"]
[Source "lmi"]
[SourceDate "2013.10.04"]

1. e4 e5 2. Nf3 Nf6 3. Nxe5 d6 4. Nf3 Nxe4 5. Nc3 Nf6 6. d4 d5 7. Bd3 Nc6 8.
O-O Be7 9. h3 O-O 10. Bf4 Be6 11. Re1 Qd7 12. Nb5 Rac8 13. Ne5 Nxe5 14. dxe5
Ne4 15. Nxa7 Ra8 16. Nb5 Bc5 17. Be3 Be7 18. Nd4 Ng5 19. Bxg5 Bxg5 20. Qh5 h6
21. Rf1 c5 22. f4 Be7 23. Nxe6 Qxe6 24. b3 Qb6 25. c4 dxc4 26. Bxc4 Qc6 27. a4
Rad8 28. Rad1 Rxd1 29. Rxd1 Qe4 30. e6 fxe6 31. f5 Kh8 32. Bxe6 Qe3+ 33. Kh1
Qf4 34. Qg4 Qxg4 35. hxg4 Bg5 36. Rd7 Rb8 37. Kg1 b5 38. a5 Ra8 39. Rb7 Rxa5
40. Rb8+ Kh7 41. Bg8+ Kh8 42. Bf7+ 1-0

[Event "Madrid ch Sub-18 2013/2014"]
[Site "Madrid ESP"]
[Date "2013.10.04"]
[Round "1.3"]
[White "Hrybanova, Valeria"]
[Black "Alfaya Marcelo, Roberto"]
[Result "0-1"]
[WhiteElo "1532"]
[BlackElo "1893"]
[PlyCount "64"]
[EventDate "2013.10.04"]
[EventType "swiss"]
[EventRounds "6"]
[EventCountry "ESP"]
[Source "lmi"]
[SourceDate "2013.10.04"]

1. e4 g6 2. Nf3 Bg7 3. d3 e5 4. Be3 Nc6 5. c3 d6 6. h3 Nge7 7. Nbd2 O-O 8. Be2
f5 9. Bg5 f4 10. Bxe7 Qxe7 11. Qb3+ Kh8 12. Nc4 a6 13. a4 Bd7 14. Qc2 b5 15.
axb5 axb5 16. Rxa8 Rxa8 17. Na3 Rb8 18. b4 Ra8 19. Qb2 Nd8 20. d4 exd4 21. Nxd4
Bxd4 22. cxd4 Qxe4 23. O-O Rxa3 24. Qxa3 Qxe2 25. Qa8 Qe7 26. Rc1 c6 27. Qa7 f3
28. Qa1 d5 29. gxf3 Bxh3 30. Kh1 Qh4 31. Qb2 Bg4+ 32. Kg2 Qh3+ 0-1

[Event "Madrid ch Sub-18 2013/2014"]
[Site "Madrid ESP"]
[Date "2013.10.04"]
[Round "1.4"]
[White "Zhynguel Ramirez De Verger, Aleksei"]
[Black "Anton Quevedo, Andrea"]
[Result "1-0"]
[WhiteElo "1880"]
[BlackElo "1504"]
[PlyCount "69"]
[EventDate "2013.10.04"]
[EventType "swiss"]
[EventRounds "6"]
[EventCountry "ESP"]
[Source "lmi"]
[SourceDate "2013.10.04"]

1. d4 d5 2. c4 Nc6 3. Nf3 Bg4 4. e3 e6 5. Nc3 Nf6 6. a3 Be7 7. Bd3 O-O 8. O-O
e5 9. cxd5 Nxd5 10. dxe5 Nxc3 11. bxc3 Bxf3 12. gxf3 Nxe5 13. Be4 Qc8 14. f4
Nc4 15. Rb1 Qe6 16. Qc2 Nd6 17. Bg2 Rab8 18. Rd1 b6 19. e4 Nc4 20. a4 Rfd8 21.
Rd4 Bc5 22. f5 Qe5 23. Rxc4 Rd6 24. Be3 Bxe3 25. fxe3 Rh6 26. Bf3 Rh3 27. Qg2
Rh6 28. Qg3 Qe7 29. Rxc7 Qd8 30. Rd1 Qf8 31. Rdd7 Rf6 32. Qg4 Rd8 33. e5 Rxd7
34. Rxd7 Rh6 35. Qd4 1-0

[Event "Madrid ch Sub-18 2013/2014"]
[Site "Madrid ESP"]
[Date "2013.10.04"]
[Round "1.5"]
[White "Lopez Garralon, Jorge"]
[Black "Monge Gilgado, Eva Maria"]
[Result "1/2-1/2"]
[WhiteElo "1345"]
[BlackElo "1856"]
[PlyCount "104"]
[EventDate "2013.10.04"]
[EventType "swiss"]
[EventRounds "6"]
[EventCountry "ESP"]
[Source "lmi"]
[SourceDate "2013.10.04"]

1. e4 c5 2. d3 e6 3. f4 Nc6 4. Nf3 d5 5. e5 Bd7 6. c3 Qb6 7. Qc2 d4 8. c4 f5 9.
Be2 Be7 10. Nbd2 Nh6 11. a3 Na5 12. h3 Nf7 13. g4 g6 14. g5 Bc6 15. Rg1 h5 16.
h4 Qc7 17. a4 b6 18. Nb1 Bb7 19. Bd2 Nc6 20. Na3 a6 21. b3 Na7 22. Rb1 Rd8 23.
Rb2 Bc6 24. Kf2 O-O 25. Ra1 Kg7 26. Kg3 Rd7 27. Nb1 Bd8 28. Rba2 a5 29. Na3 Qb8
30. Re1 Bc7 31. Bd1 Bxf3 32. Bxf3 Nxe5 33. fxe5 Bxe5+ 34. Rxe5 Qxe5+ 35. Bf4
Qe1+ 36. Qf2 Qxf2+ 37. Kxf2 Rc8 38. Be5+ Kf8 39. Kg3 Nc6 40. Kf4 Nxe5 41. Kxe5
Ke7 42. Nc2 Rf8 43. Ne1 Rg8 44. Bc6 Rdd8 45. Nf3 Rd6 46. Bb5 Rg7 47. Re2 Rg8
48. Kf4 Rg7 49. Ne5 Rg8 50. Nc6+ Rxc6 51. Bxc6 Rd8 52. Re5 Rd6 1/2-1/2

[Event "Madrid ch Sub-18 2013/2014"]
[Site "Madrid ESP"]
[Date "2013.10.05"]
[Round "2.1"]
[White "Martin Duque, Jesus"]
[Black "Zhynguel Ramirez De Verger, Aleksei"]
[Result "1/2-1/2"]
[WhiteElo "2233"]
[BlackElo "1880"]
[PlyCount "136"]
[EventDate "2013.10.04"]
[EventType "swiss"]
[EventRounds "6"]
[EventCountry "ESP"]
[Source "lmi"]
[SourceDate "2013.10.04"]

1. e4 c5 2. Nf3 Nc6 3. d4 cxd4 4. Nxd4 g6 5. c4 Nf6 6. Nc3 d6 7. Be2 Nxd4 8.
Qxd4 Bg7 9. Bg5 O-O 10. Qd2 Be6 11. Rc1 Qa5 12. f3 Rfc8 13. b3 a6 14. Na4 Qxd2+
15. Kxd2 Nd7 16. g4 Kf8 17. Be3 Rc6 18. h4 Nc5 19. Nc3 a5 20. Rc2 a4 21. b4 Nd7
22. Nd5 Bxd5 23. exd5 Rc7 24. a3 b6 25. h5 Rac8 26. Rhc1 Bf6 27. f4 Kg8 28. g5
Bg7 29. Bg4 Rb8 30. Kd3 Kf8 31. hxg6 hxg6 32. Rh1 f6 33. gxf6 Nxf6 34. Be6 b5
35. c5 dxc5 36. bxc5 Rd8 37. Rch2 Rcd7 38. d6 Rxd6+ 39. cxd6 Rxd6+ 40. Bd4 Rxe6
41. Bxf6 Bxf6 42. Rb1 Rd6+ 43. Ke3 Rd5 44. Rd2 Rc5 45. Rd3 Kf7 46. Ke4 Rc4+ 47.
Kd5 Rxf4 48. Rxb5 g5 49. Rb4 e6+ 50. Kc6 e5 51. Kd5 Kg6 52. Rxf4 exf4 53. Ke4
Be7 54. Rh3 g4 55. Rd3 f3 56. Kf4 f2 57. Rd1 Bxa3 58. Kxg4 Bc5 59. Kf3 a3 60.
Ke2 Ba7 61. Rd6+ Kf5 62. Ra6 Bd4 63. Rxa3 Ke4 64. Rh3 Kd5 65. Rh4 Kc4 66. Rf4
Kd5 67. Kd3 Ke5 68. Rf3 Bb6 1/2-1/2

[Event "Madrid ch Sub-18 2013/2014"]
[Site "Madrid ESP"]
[Date "2013.10.05"]
[Round "2.2"]
[White "Alfaya Marcelo, Roberto"]
[Black "Dierssen Garcia-Barredo, Guill"]
[Result "0-1"]
[WhiteElo "1893"]
[BlackElo "1974"]
[PlyCount "68"]
[EventDate "2013.10.04"]
[EventType "swiss"]
[EventRounds "6"]
[EventCountry "ESP"]
[Source "lmi"]
[SourceDate "2013.10.04"]

1. d4 Nf6 2. c4 e6 3. Nc3 Bb4 4. Qc2 Nc6 5. Nf3 d6 6. Bg5 h6 7. Bd2 O-O 8. e4
e5 9. d5 Nb8 10. a3 Bxc3 11. Bxc3 Nh5 12. O-O-O c6 13. dxc6 Nxc6 14. c5 Bg4 15.
Rxd6 Qe7 16. Nd2 Nf4 17. f3 Bh5 18. Nc4 Ne6 19. Rd5 f6 20. Nd6 Kh8 21. Nf5 Qc7
22. Qd2 Rad8 23. Kb1 Bg6 24. Ne3 Nxc5 25. Rxd8 Rxd8 26. Nd5 Qd7 27. Bc4 Nxe4
28. fxe4 Bxe4+ 29. Ka1 Bxd5 30. Bb5 Nd4 31. Bxd7 Nb3+ 32. Kb1 Nxd2+ 33. Bxd2
Bxg2 34. Rg1 Be4+ 0-1

[Event "Madrid ch Sub-18 2013/2014"]
[Site "Madrid ESP"]
[Date "2013.10.05"]
[Round "2.3"]
[White "Monge Gilgado, Eva Maria"]
[Black "Hernandez Ramos, David"]
[Result "1/2-1/2"]
[WhiteElo "1856"]
[BlackElo "1753"]
[PlyCount "127"]
[EventDate "2013.10.04"]
[EventType "swiss"]
[EventRounds "6"]
[EventCountry "ESP"]
[Source "lmi"]
[SourceDate "2013.10.04"]

1. e4 e6 2. Qe2 Ne7 3. Nc3 d5 4. exd5 Nxd5 5. Nxd5 Qxd5 6. Nf3 Be7 7. g3 Nc6 8.
Bg2 Qd8 9. c3 O-O 10. d4 Rb8 11. O-O b6 12. Bf4 Bb7 13. Rfd1 Qc8 14. b4 Bf6 15.
Be5 Nxe5 16. dxe5 Be7 17. b5 c6 18. c4 c5 19. a4 Qc7 20. Nd2 Rfd8 21. Bxb7 Qxb7
22. Nb3 Qc7 23. Rxd8+ Rxd8 24. a5 Qd7 25. axb6 axb6 26. Kg2 Qb7+ 27. Kg1 Ra8
28. Qb2 Ra7 29. Rxa7 Qxa7 30. Qa1 Qxa1+ 31. Nxa1 g5 32. h3 Kg7 33. Kg2 Kg6 34.
g4 Bd8 35. Kf3 Bc7 36. Ke4 Bb8 37. Nb3 Bc7 38. Nd2 Bb8 39. Nf1 Bc7 40. Ng3 h6
41. Ne2 Bb8 42. f3 Bc7 43. Nc3 Bd8 44. f4 Bc7 45. f5+ Kg7 46. f6+ Kg6 47. Ne2
Bd8 48. Ng3 Kh7 49. Nf1 Bc7 50. Nh2 Kg6 51. Nf1 Bb8 52. Ng3 Bc7 53. Nh5 Bb8 54.
Ng7 Bc7 55. Ne8 Bb8 56. Nd6 Bxd6 57. exd6 Kxf6 58. Kd3 e5 59. Ke4 Ke6 60. d7
Kxd7 61. Kxe5 Ke7 62. Kd5 Kd7 63. Ke5 Ke7 64. Kd5 1/2-1/2

[Event "Madrid ch Sub-18 2013/2014"]
[Site "Madrid ESP"]
[Date "2013.10.05"]
[Round "2.4"]
[White "Anton Quevedo, Andrea"]
[Black "Perez Perez, Elena"]
[Result "0-1"]
[WhiteElo "1504"]
[BlackElo "1722"]
[PlyCount "116"]
[EventDate "2013.10.04"]
[EventType "swiss"]
[EventRounds "6"]
[EventCountry "ESP"]
[Source "lmi"]
[SourceDate "2013.10.04"]

1. e4 e5 2. Nf3 Nc6 3. Bc4 Bc5 4. d4 exd4 5. Ng5 Ne5 6. Nxf7 Bb4+ 7. c3 dxc3 8.
bxc3 Bxc3+ 9. Nxc3 Nxf7 10. Bxf7+ Kxf7 11. Qh5+ Kf8 12. e5 Ne7 13. Bg5 Qe8 14.
Qxe8+ Kxe8 15. Nb5 Nd5 16. Rd1 a6 17. Nd4 Ne7 18. O-O h6 19. Bxe7 Kxe7 20. Nf5+
Kf7 21. Rc1 g6 22. Nd4 c6 23. Rc3 Re8 24. f4 Kg7 25. Rg3 c5 26. Nf5+ Kh7 27.
Nd6 Rf8 28. h4 b6 29. Rff3 Rb8 30. f5 gxf5 31. Nxf5 Bb7 32. Rd3 Rxf5 33. Rxd7+
Kh8 34. Rgg7 Bc6 35. Rh7+ Kg8 36. Rdg7+ Kf8 37. Rc7 Bd5 38. Rxh6 Rxe5 39. Rf6+
Ke8 40. Rh7 Rb7 41. Rh8+ Ke7 42. Rff8 c4 43. Re8+ Kd6 44. Rh6+ Re6 45. Rhxe6+
Bxe6 46. Rf8 c3 47. Rf1 c2 48. Rc1 Bf5 49. Kf2 Re7 50. g4 Bd3 51. h5 Re2+ 52.
Kf1 Rd2+ 53. Ke1 Rg2 54. h6 Rxg4 55. Kd2 Bh7 56. Rf1 Rg6 57. Rh1 Kc5 58. Rh4
Rg1 0-1

[Event "Madrid ch Sub-18 2013/2014"]
[Site "Madrid ESP"]
[Date "2013.10.11"]
[Round "3.1"]
[White "Dierssen Garcia-Barredo, Guill"]
[Black "Martin Duque, Jesus"]
[Result "1/2-1/2"]
[WhiteElo "1974"]
[BlackElo "2233"]
[PlyCount "94"]
[EventDate "2013.10.04"]
[EventType "swiss"]
[EventRounds "6"]
[EventCountry "ESP"]
[Source "lmi"]
[SourceDate "2013.10.04"]

1. d4 Nf6 2. c4 e6 3. Nc3 Bb4 4. e3 O-O 5. Nge2 d5 6. cxd5 exd5 7. a3 Bd6 8.
Nf4 c6 9. Bd3 Re8 10. O-O a5 11. f3 Bf8 12. Qc2 Na6 13. Nfe2 c5 14. Bd2 g6 15.
Qc1 Nc7 16. dxc5 Bxc5 17. Nb5 Bb6 18. Nxc7 Bxc7 19. Bc3 Bd6 20. Bb5 Re6 21. Nd4
Re5 22. f4 Re4 23. Bd3 Re8 24. Qd2 Bd7 25. h3 Qe7 26. Rae1 b6 27. Nb5 Bb8 28.
a4 Ne4 29. Bxe4 Qxe4 30. Qd4 Qxd4 31. Bxd4 Bxb5 32. axb5 Bd6 33. Rc1 Rab8 34.
Kf2 Re6 35. Rc2 Bf8 36. Rfc1 Bg7 37. Rc8+ Re8 38. Rxb8 Rxb8 39. Bxg7 Kxg7 40.
Rc6 Kf8 41. Ke2 Re8 42. Kd3 Re4 43. Rxb6 Rb4 44. Kc3 Ke7 45. Rb7+ Ke6 46. b6
Rc4+ 47. Kd3 Rb4 1/2-1/2

[Event "Madrid ch Sub-18 2013/2014"]
[Site "Madrid ESP"]
[Date "2013.10.11"]
[Round "3.2"]
[White "Zhynguel Ramirez De Verger, Aleksei"]
[Black "Hernandez Ramos, David"]
[Result "0-1"]
[WhiteElo "1880"]
[BlackElo "1753"]
[PlyCount "90"]
[EventDate "2013.10.04"]
[EventType "swiss"]
[EventRounds "6"]
[EventCountry "ESP"]
[Source "lmi"]
[SourceDate "2013.10.04"]

1. d4 Nf6 2. c4 c5 3. d5 b5 4. Qc2 bxc4 5. e4 d6 6. Bxc4 Bd7 7. h3 g6 8. Nf3
Bg7 9. O-O O-O 10. Nc3 Qb6 11. Bf4 Na6 12. Rac1 Nc7 13. Rfe1 Rab8 14. b3 Qb7
15. Qd2 Nh5 16. Bh2 Bxc3 17. Rxc3 f6 18. Rd1 a6 19. e5 fxe5 20. Nxe5 Nb5 21.
Bxb5 axb5 22. Nxd7 Qxd7 23. Re1 Ra8 24. Rce3 Rf7 25. Qe2 Ra7 26. Bg3 Ng7 27.
Re4 Nf5 28. Bh4 Qb7 29. Qd2 Qa8 30. Qd3 Nxh4 31. Rxh4 Rxa2 32. Qxb5 Raxf2 33.
Qd7 Qf8 34. Rhe4 Rf1+ 35. Kh2 Rxe1 36. Rxe1 Rg7 37. Re4 h5 38. h4 Kh7 39. g3
Qf2+ 40. Kh3 Qg1 41. Re2 Qh1+ 42. Rh2 Qxd5 43. Re2 Qh1+ 44. Rh2 Qf1+ 45. Rg2
Qf5+ 0-1

[Event "Madrid ch Sub-18 2013/2014"]
[Site "Madrid ESP"]
[Date "2013.10.11"]
[Round "3.3"]
[White "Perez Perez, Elena"]
[Black "Alfaya Marcelo, Roberto"]
[Result "1-0"]
[WhiteElo "1722"]
[BlackElo "1893"]
[PlyCount "139"]
[EventDate "2013.10.04"]
[EventType "swiss"]
[EventRounds "6"]
[EventCountry "ESP"]
[Source "lmi"]
[SourceDate "2013.10.04"]

1. e4 g6 2. d4 Bg7 3. Nf3 d6 4. h3 a6 5. Nc3 Nd7 6. Be3 b5 7. a3 Bb7 8. Bd3 c5
9. Qd2 Qc7 10. O-O h6 11. Rfd1 Ngf6 12. dxc5 Nxc5 13. Bxc5 Qxc5 14. Re1 Nd7 15.
Nd1 O-O 16. c3 Kh7 17. Qe3 Rac8 18. Bc2 Nb6 19. Qxc5 Rxc5 20. Ne3 Nc4 21. Nxc4
bxc4 22. Re3 Rb8 23. Rb1 Bc8 24. b3 cxb3 25. Rxb3 Rxb3 26. Bxb3 e6 27. Nd4 Bb7
28. Ne2 Ra5 29. a4 Bc6 30. Rd3 Bxa4 31. Bc4 Bf8 32. Rf3 Kg7 33. Nd4 Be7 34. Re3
Bd7 35. f4 Bf6 36. Rd3 d5 37. exd5 exd5 38. Bb3 Rc5 39. Ne2 Be6 40. g4 Rb5 41.
Ba4 Rb1+ 42. Kf2 Bd8 43. Kf3 Bb6 44. Nd4 Bxd4 45. Rxd4 Rc1 46. Rd3 Kf6 47. Bb3
a5 48. Ke2 Rh1 49. Kf2 Rc1 50. Ke2 Ra1 51. Bxd5 Bxd5 52. Rxd5 Ke6 53. Rd3 Ra2+
54. Ke1 a4 55. Rd4 a3 56. Ra4 Kd5 57. Kd1 Rh2 58. Rxa3 Ke4 59. c4 Rh1+ 60. Ke2
Rh2+ 61. Kd1 Kxf4 62. c5 Rh1+ 63. Kd2 Rh2+ 64. Kd1 Ke5 65. c6 Kd6 66. Rc3 Kc7
67. Ke1 g5 68. Kf1 Rd2 69. Rf3 Kxc6 70. Rxf7 1-0

[Event "Madrid ch Sub-18 2013/2014"]
[Site "Madrid ESP"]
[Date "2013.10.11"]
[Round "3.5"]
[White "Vela Martinez, Jose"]
[Black "Lopez Garralon, Jorge"]
[Result "1/2-1/2"]
[WhiteElo "1584"]
[BlackElo "1345"]
[PlyCount "44"]
[EventDate "2013.10.04"]
[EventType "swiss"]
[EventRounds "6"]
[EventCountry "ESP"]
[Source "lmi"]
[SourceDate "2013.10.04"]

1. e4 d6 2. Nf3 Nf6 3. Nc3 Nbd7 4. d4 e5 5. Bg5 Be7 6. Bd3 c6 7. O-O h6 8. Bh4
g5 9. Bg3 Qc7 10. dxe5 dxe5 11. Nd4 Nf8 12. Nf3 Ng6 13. Ne2 Bg4 14. Ned4 Bd6
15. Nf5 Bxf5 16. exf5 Nf4 17. Re1 O-O 18. c4 Rfe8 19. Bc2 Bb4 20. Re3 Bc5 21.
Re1 Bb4 22. Re3 Bc5 1/2-1/2

[Event "Madrid ch Sub-18 2013/2014"]
[Site "Madrid ESP"]
[Date "2013.10.11"]
[Round "3.6"]
[White "Anton Quevedo, Andrea"]
[Black "Hrybanova, Valeria"]
[Result "1/2-1/2"]
[WhiteElo "1504"]
[BlackElo "1532"]
[PlyCount "127"]
[EventDate "2013.10.04"]
[EventType "swiss"]
[EventRounds "6"]
[EventCountry "ESP"]
[Source "lmi"]
[SourceDate "2013.10.04"]

1. e4 e5 2. Nf3 d6 3. d4 Bg4 4. Be3 Nd7 5. Bc4 h6 6. Nc3 Ngf6 7. O-O Be7 8. Qe2
c6 9. d5 c5 10. Kh1 a6 11. a4 Nf8 12. h3 Bxf3 13. Qxf3 Ng6 14. Qe2 Nh7 15. Qd2
Bg5 16. Ne2 Bxe3 17. Qxe3 O-O 18. Ng3 Qg5 19. Nf5 Qxe3 20. Nxe3 Nf6 21. Bd3 Nf4
22. Nc4 Rad8 23. Na5 Nxd3 24. cxd3 Rb8 25. Nc4 Rfd8 26. Ra3 b5 27. axb5 axb5
28. Na5 Ra8 29. Rfa1 Rd7 30. Nc6 Rxa3 31. Rxa3 Kh7 32. g3 c4 33. f3 cxd3 34.
Rxd3 g5 35. Rb3 Rb7 36. Na5 Rb8 37. Nc4 Ne8 38. Ne3 Rb6 39. Rc3 Rb7 40. Nf5 Ra7
41. Kg2 b4 42. Rc2 Ra2 43. Rc8 Rxb2+ 44. Kf1 Rb1+ 45. Ke2 Rb2+ 46. Kd1 Nf6 47.
Nxd6 Rf2 48. Rb8 Rxf3 49. Rxb4 Nh5 50. g4 Ng7 51. Nf5 Nxf5 52. exf5 Rd3+ 53.
Ke2 Rxd5 54. Ke3 Rd7 55. f6 Rd6 56. Rb5 Rxf6 57. Rb8 Rf4 58. Re8 e4 59. Re7 Kg6
60. Rxe4 Rxe4+ 61. Kxe4 h5 62. gxh5+ Kxh5 63. Kf5 Kh4 64. Kf6 1/2-1/2

[Event "Madrid ch Sub-18 2013/2014"]
[Site "Madrid ESP"]
[Date "2013.10.18"]
[Round "4.1"]
[White "Hernandez Ramos, David"]
[Black "Dierssen Garcia-Barredo, Guill"]
[Result "0-1"]
[WhiteElo "1753"]
[BlackElo "1974"]
[PlyCount "70"]
[EventDate "2013.10.04"]
[EventType "swiss"]
[EventRounds "6"]
[EventCountry "ESP"]
[Source "lmi"]
[SourceDate "2013.10.04"]

1. d4 Nf6 2. c4 g6 3. g3 Bg7 4. Bg2 O-O 5. Nf3 d6 6. Nc3 Nc6 7. O-O a6 8. Re1
Rb8 9. e4 Bg4 10. h3 Bxf3 11. Bxf3 e5 12. d5 Nd4 13. Bg2 c5 14. Kh2 Nd7 15. Ne2
f5 16. exf5 gxf5 17. Rb1 b5 18. cxb5 axb5 19. b3 Ra8 20. a3 Qb6 21. Bb2 Rf7 22.
Rc1 Nxe2 23. Qxe2 e4 24. Bxg7 Rxg7 25. f3 exf3 26. Qxf3 Rf8 27. Re6 Ne5 28. Qe3
Qd8 29. Bf1 Kh8 30. Bxb5 Rfg8 31. Rg1 f4 32. Qxf4 Rf7 33. Qe3 Nf3+ 34. Kg2 Nxg1
35. Kxg1 Rxg3+ 0-1

[Event "Madrid ch Sub-18 2013/2014"]
[Site "Madrid ESP"]
[Date "2013.10.18"]
[Round "4.2"]
[White "Martin Duque, Jesus"]
[Black "Monge Gilgado, Eva Maria"]
[Result "1-0"]
[WhiteElo "2233"]
[BlackElo "1856"]
[PlyCount "45"]
[EventDate "2013.10.04"]
[EventType "swiss"]
[EventRounds "6"]
[EventCountry "ESP"]
[Source "lmi"]
[SourceDate "2013.10.04"]

1. e4 d6 2. d4 Nf6 3. Nc3 Bg4 4. f3 Bh5 5. g4 Bg6 6. g5 Nfd7 7. h4 h5 8. f4 f5
9. gxf6 gxf6 10. Nh3 e5 11. Rg1 exd4 12. Qxd4 Nc6 13. Qf2 Bf7 14. Be3 Qe7 15.
O-O-O Nb6 16. Nd5 Qd8 17. Bb5 Be7 18. f5 Qd7 19. Rg7 Rg8 20. Rxf7 Nxd5 21. exd5
Kxf7 22. dxc6 bxc6 23. Be2 1-0

[Event "Madrid ch Sub-18 2013/2014"]
[Site "Madrid ESP"]
[Date "2013.10.18"]
[Round "4.3"]
[White "Zhynguel Ramirez De Verger, Aleksei"]
[Black "Perez Perez, Elena"]
[Result "1-0"]
[WhiteElo "1880"]
[BlackElo "1722"]
[PlyCount "37"]
[EventDate "2013.10.04"]
[EventType "swiss"]
[EventRounds "6"]
[EventCountry "ESP"]
[Source "lmi"]
[SourceDate "2013.10.04"]

1. d4 d5 2. c4 dxc4 3. e3 e5 4. Bxc4 exd4 5. exd4 Nf6 6. Nf3 Bd6 7. O-O O-O 8.
Ne5 Bxe5 9. dxe5 Qxd1 10. Rxd1 Ng4 11. f4 Kh8 12. Nc3 c6 13. Ne4 Nh6 14. Nd6
Kg8 15. f5 Bxf5 16. Bxh6 gxh6 17. Nxf5 b5 18. Bb3 h5 19. Rd3 1-0

[Event "Madrid ch Sub-18 2013/2014"]
[Site "Madrid ESP"]
[Date "2013.10.18"]
[Round "4.5"]
[White "Alfaya Marcelo, Roberto"]
[Black "Anton Quevedo, Andrea"]
[Result "1-0"]
[WhiteElo "1893"]
[BlackElo "1504"]
[PlyCount "79"]
[EventDate "2013.10.04"]
[EventType "swiss"]
[EventRounds "6"]
[EventCountry "ESP"]
[Source "lmi"]
[SourceDate "2013.10.04"]

1. d4 Nf6 2. c4 e5 3. dxe5 Ng4 4. Bf4 Nc6 5. Nf3 Bb4+ 6. Nbd2 Qe7 7. e3 Ngxe5
8. Nxe5 Nxe5 9. Be2 O-O 10. O-O d6 11. a3 Bc5 12. b4 Bb6 13. Qc2 Ng6 14. Bg3
Be6 15. Rfd1 c6 16. Nb3 Rad8 17. Nd4 Bxd4 18. exd4 Qg5 19. Qd2 Qf5 20. Rac1 Ne7
21. Rc3 b5 22. Rf3 Qg6 23. cxb5 Bg4 24. bxc6 Bxf3 25. Bxf3 d5 26. b5 Nc8 27. a4
Nb6 28. Qb4 Qc2 29. a5 Qc4 30. Qxc4 Nxc4 31. c7 Rd7 32. Bg4 f5 33. Bxf5 Re7 34.
c8=Q Rxc8 35. Bxc8 Nxa5 36. Bd6 Re2 37. Kf1 Rb2 38. Be6+ Kh8 39. Bxd5 g6 40.
Be5# 1-0

[Event "Madrid ch Sub-18 2013/2014"]
[Site "Madrid ESP"]
[Date "2013.10.18"]
[Round "4.6"]
[White "Hrybanova, Valeria"]
[Black "Vela Martinez, Jose"]
[Result "0-1"]
[WhiteElo "1532"]
[BlackElo "1584"]
[PlyCount "54"]
[EventDate "2013.10.04"]
[EventType "swiss"]
[EventRounds "6"]
[EventCountry "ESP"]
[Source "lmi"]
[SourceDate "2013.10.04"]

1. e4 e5 2. Bc4 Nf6 3. d3 Nc6 4. Nf3 Bc5 5. c3 d6 6. h3 O-O 7. Bg5 Be6 8. Bb3
Qe7 9. O-O Rad8 10. d4 Bxb3 11. axb3 exd4 12. cxd4 Bb6 13. Nc3 h6 14. Nd5 Qxe4
15. Nxf6+ gxf6 16. Bxf6 Rde8 17. Re1 Qf4 18. Rxe8 Rxe8 19. Bh4 Nxd4 20. Nxd4
Qxh4 21. Ra4 Re4 22. Nc2 Qxf2+ 23. Kh2 Re2 24. Rg4+ Kf8 25. Nd4 Re1 26. Qd3
Qg1+ 27. Kg3 Re3+ 0-1

[Event "Madrid ch Sub-18 2013/2014"]
[Site "Madrid ESP"]
[Date "2013.10.19"]
[Round "5.1"]
[White "Dierssen Garcia-Barredo, Guill"]
[Black "Zhynguel Ramirez De Verger, Aleksei"]
[Result "1/2-1/2"]
[WhiteElo "1974"]
[BlackElo "1880"]
[PlyCount "52"]
[EventDate "2013.10.04"]
[EventType "swiss"]
[EventRounds "6"]
[EventCountry "ESP"]
[Source "lmi"]
[SourceDate "2013.10.04"]

1. d4 Nf6 2. c4 e6 3. Nc3 Bb4 4. f3 d5 5. a3 Bxc3+ 6. bxc3 c5 7. cxd5 Nxd5 8.
dxc5 Qa5 9. e4 Ne7 10. Be3 O-O 11. Qb3 Qc7 12. Bb5 Nec6 13. Ne2 Na5 14. Qc2 b6
15. cxb6 axb6 16. O-O Ba6 17. a4 Bxb5 18. axb5 Nd7 19. Bf2 Nc4 20. Rxa8 Rxa8
21. Rd1 h6 22. Kh1 Ra5 23. h3 Rxb5 24. Qa4 Nb2 25. Qxb5 Nxd1 26. Bg3 e5 1/2-1/2

[Event "Madrid ch Sub-18 2013/2014"]
[Site "Madrid ESP"]
[Date "2013.10.19"]
[Round "5.2"]
[White "Hernandez Ramos, David"]
[Black "Martin Duque, Jesus"]
[Result "0-1"]
[WhiteElo "1753"]
[BlackElo "2233"]
[PlyCount "60"]
[EventDate "2013.10.04"]
[EventType "swiss"]
[EventRounds "6"]
[EventCountry "ESP"]
[Source "lmi"]
[SourceDate "2013.10.04"]

1. d4 Nf6 2. c4 c5 3. dxc5 Qa5+ 4. Nc3 Qxc5 5. e3 g6 6. Nf3 Bg7 7. Be2 O-O 8.
O-O d6 9. Bd2 a6 10. Na4 Qc7 11. Qb3 Nbd7 12. Rac1 b6 13. Nd4 Bb7 14. Rfd1 Ne4
15. Qa3 Nxd2 16. Rxd2 b5 17. Nc3 bxc4 18. Na4 Qa5 19. Rdd1 Rac8 20. Nf3 Bxf3
21. Bxf3 Bxb2 22. Qxb2 Qxa4 23. Qe2 Ne5 24. Be4 Rc5 25. f4 Nd7 26. Bf3 Rb8 27.
Rd4 Qa3 28. Rc2 c3 29. Rd1 Rb2 30. Rdc1 Qxa2 0-1

[Event "Madrid ch Sub-18 2013/2014"]
[Site "Madrid ESP"]
[Date "2013.10.19"]
[Round "5.3"]
[White "Monge Gilgado, Eva Maria"]
[Black "Alfaya Marcelo, Roberto"]
[Result "0-1"]
[WhiteElo "1856"]
[BlackElo "1893"]
[PlyCount "78"]
[EventDate "2013.10.04"]
[EventType "swiss"]
[EventRounds "6"]
[EventCountry "ESP"]
[Source "lmi"]
[SourceDate "2013.10.04"]

1. e4 g6 2. d4 Bg7 3. f3 d6 4. Be3 Nd7 5. Nc3 Ngf6 6. Qd2 e5 7. d5 O-O 8. Bh6
Nxe4 9. Nxe4 Qh4+ 10. g3 Qxh6 11. Qe2 f5 12. Nd2 Nb6 13. c4 e4 14. O-O-O e3 15.
Nb1 Nxc4 16. b3 Nb6 17. f4 Re8 18. Rd3 Bf6 19. Bg2 Bd7 20. Rxe3 Qg7 21. Nh3
Rxe3 22. Qxe3 Re8 23. Qd2 Qe7 24. Bf3 Qe3 25. Rf1 Bb5 26. Rf2 Qc5+ 27. Kd1 Bd4
28. Rg2 Be3 29. Qc3 Qxc3 30. Nxc3 Bf1 31. Ng5 Bxg2 32. Bxg2 Nd7 33. Nb5 Bb6 34.
Ne6 Rc8 35. b4 Nf8 36. a4 Nxe6 37. dxe6 c6 38. Na3 d5 39. b5 Re8 0-1

[Event "Madrid ch Sub-18 2013/2014"]
[Site "Madrid ESP"]
[Date "2013.10.19"]
[Round "5.4"]
[White "Perez Perez, Elena"]
[Black "Lopez Garralon, Jorge"]
[Result "1-0"]
[WhiteElo "1722"]
[BlackElo "1345"]
[PlyCount "67"]
[EventDate "2013.10.04"]
[EventType "swiss"]
[EventRounds "6"]
[EventCountry "ESP"]
[Source "lmi"]
[SourceDate "2013.10.04"]

1. e4 d6 2. d4 Nf6 3. Nc3 Nbd7 4. Nf3 e5 5. Bc4 Be7 6. dxe5 dxe5 7. O-O c6 8.
Re1 Qc7 9. Ng5 O-O 10. Qe2 h6 11. Nf3 b5 12. Bd3 Re8 13. a3 Nf8 14. Qd1 Bg4 15.
h3 Bh5 16. Be3 Rad8 17. Qe2 Rd7 18. Nxb5 cxb5 19. Bxb5 Bxf3 20. gxf3 Ng6 21.
Bxd7 Qxd7 22. Kh2 a5 23. Rad1 Qe6 24. Rg1 Nh7 25. Qb5 Bg5 26. Rd6 Qc8 27. Qc6
Bxe3 28. fxe3 Qb8 29. Qb6 Qc8 30. Qc6 Qb8 31. Rgd1 Rc8 32. Qxc8+ Qxc8 33. Rd8+
Qxd8 34. Rxd8+ 1-0